000 004080000a22001570004500
020 _a84-8280-405-7
041 0 _aSPA
082 0 4 _aG 863 G569c
100 1 _aGómez Valderrama, Pedro (1923-)
245 1 0 _aLa otra raya del tigre / Pedro Gómez Valderrama
260 _aBogotá, Colombia : Oveja Negra
300 _a291 Pag
440 0 _aBiblioteca de Literatura Colombiana
001 11110
942 _cBK
999 _c40479
_d40479